<?xml version="1.0" encoding="UTF-8"?>
<record
    xmlns:xsi="http://www.w3.org/2001/XMLSchema-instance"
    xsi:schemaLocation="http://www.loc.gov/MARC21/slim http://www.loc.gov/standards/marcxml/schema/MARC21slim.xsd"
    xmlns="http://www.loc.gov/MARC21/slim">

  <leader>01493nam0a2200349 i 4500</leader>
  <controlfield tag="001">RU\NLR\BIBL_A\011099259</controlfield>
  <controlfield tag="005">20240922015144.0</controlfield>
  <datafield tag="010" ind1=" " ind2=" ">
    <subfield code="a">9785971026532</subfield>
  </datafield>
  <datafield tag="021" ind1=" " ind2=" ">
    <subfield code="a">RU</subfield>
    <subfield code="b">2016-22359</subfield>
    <subfield code="9">1413</subfield>
  </datafield>
  <datafield tag="035" ind1=" " ind2=" ">
    <subfield code="a">(NILC)RuMoRGB-008252605</subfield>
  </datafield>
  <datafield tag="035" ind1=" " ind2=" ">
    <subfield code="a">(NLR Aleph) 011099259</subfield>
  </datafield>
  <datafield tag="090" ind1=" " ind2=" ">
    <subfield code="a">11410899</subfield>
    <subfield code="c">11410899</subfield>
  </datafield>
  <datafield tag="100" ind1=" " ind2=" ">
    <subfield code="a">20160408d2016    u  y0rusy50      ca</subfield>
  </datafield>
  <datafield tag="101" ind1="0" ind2=" ">
    <subfield code="a">rus</subfield>
  </datafield>
  <datafield tag="102" ind1=" " ind2=" ">
    <subfield code="a">RU</subfield>
  </datafield>
  <datafield tag="105" ind1=" " ind2=" ">
    <subfield code="a">a|||z|||000yy</subfield>
  </datafield>
  <datafield tag="200" ind1="1" ind2=" ">
    <subfield code="a">&#x41C;&#x430;&#x442;&#x435;&#x43C;&#x430;&#x442;&#x438;&#x447;&#x435;&#x441;&#x43A;&#x438;&#x435; &#x432;&#x43E;&#x43F;&#x440;&#x43E;&#x441;&#x44B; &#x432;&#x43E;&#x43B;&#x43D;-&#x443;&#x431;&#x438;&#x439;&#x446;</subfield>
    <subfield code="f">&#x420;.&#x412;. &#x428;&#x430;&#x43C;&#x438;&#x43D;</subfield>
  </datafield>
  <datafield tag="210" ind1=" " ind2=" ">
    <subfield code="a">&#x41C;&#x43E;&#x441;&#x43A;&#x432;&#x430;</subfield>
    <subfield code="c">URSS</subfield>
    <subfield code="c">&#x41B;&#x415;&#x41D;&#x410;&#x41D;&#x414;</subfield>
    <subfield code="d">2016</subfield>
  </datafield>
  <datafield tag="215" ind1=" " ind2=" ">
    <subfield code="a">163 &#x441;.</subfield>
    <subfield code="c">&#x438;&#x43B;.</subfield>
    <subfield code="d">22</subfield>
  </datafield>
  <datafield tag="225" ind1="1" ind2=" ">
    <subfield code="a">&#x421;&#x438;&#x43D;&#x435;&#x440;&#x433;&#x435;&#x442;&#x438;&#x43A;&#x430;: &#x43E;&#x442; &#x43F;&#x440;&#x43E;&#x448;&#x43B;&#x43E;&#x433;&#x43E; &#x43A; &#x431;&#x443;&#x434;&#x443;&#x449;&#x435;&#x43C;&#x443;</subfield>
    <subfield code="f">&#x440;&#x435;&#x434;&#x43A;&#x43E;&#x43B;.: &#x43F;&#x440;&#x43E;&#x444;. &#x413;.&#x413;. &#x41C;&#x430;&#x43B;&#x438;&#x43D;&#x435;&#x446;&#x43A;&#x438;&#x439; (&#x43F;&#x440;&#x435;&#x434;.)</subfield>
    <subfield code="v">&#x2116; 76</subfield>
  </datafield>
  <datafield tag="300" ind1=" " ind2=" ">
    <subfield code="a">&#x41D;&#x430; 4-&#x439; &#x441;. &#x43E;&#x431;&#x43B;. &#x430;&#x432;&#x442;.: &#x420;.&#x412;. &#x428;&#x430;&#x43C;&#x438;&#x43D;, &#x434;.&#x444;.-&#x43C;.&#x43D;.</subfield>
  </datafield>
  <datafield tag="320" ind1=" " ind2=" ">
    <subfield code="a">&#x411;&#x438;&#x431;&#x43B;&#x438;&#x43E;&#x433;&#x440;.: &#x441;. 156-163 (97 &#x43D;&#x430;&#x437;&#x432;.)</subfield>
  </datafield>
  <datafield tag="606" ind1="1" ind2=" ">
    <subfield code="a">&#x41C;&#x43E;&#x440;&#x441;&#x43A;&#x438;&#x435; &#x432;&#x43E;&#x43B;&#x43D;&#x44B; &#x430;&#x43D;&#x43E;&#x43C;&#x430;&#x43B;&#x44C;&#x43D;&#x44B;&#x435;</subfield>
    <subfield code="x">&#x42D;&#x43A;&#x441;&#x43F;&#x435;&#x440;&#x438;&#x43C;&#x435;&#x43D;&#x442;&#x430;&#x43B;&#x44C;&#x43D;&#x44B;&#x435; &#x438;&#x441;&#x441;&#x43B;&#x435;&#x434;&#x43E;&#x432;&#x430;&#x43D;&#x438;&#x44F;</subfield>
    <subfield code="x">&#x412;&#x44B;&#x447;&#x438;&#x441;&#x43B;&#x438;&#x442;&#x435;&#x43B;&#x44C;&#x43D;&#x44B;&#x435; &#x43C;&#x435;&#x442;&#x43E;&#x434;&#x44B;</subfield>
    <subfield code="9">2258439</subfield>
    <subfield code="3">RU\NLR\AUTH\6601584257</subfield>
  </datafield>
  <datafield tag="610" ind1="0" ind2=" ">
    <subfield code="a">&#x432;&#x43E;&#x43B;&#x43D;&#x44B;-&#x443;&#x431;&#x438;&#x439;&#x446;&#x44B;</subfield>
  </datafield>
  <datafield tag="675" ind1=" " ind2=" ">
    <subfield code="a">551.46</subfield>
  </datafield>
  <datafield tag="686" ind1="1" ind2=" ">
    <subfield code="a">&#x414;221.329&#x432;641.8</subfield>
  </datafield>
  <datafield tag="700" ind1=" " ind2="1">
    <subfield code="a">&#x428;&#x430;&#x43C;&#x438;&#x43D;</subfield>
    <subfield code="b">&#x420;. &#x412;.</subfield>
    <subfield code="c">&#x434;-&#x440; &#x444;&#x438;&#x437;.-&#x43C;&#x430;&#x442;. &#x43D;&#x430;&#x443;&#x43A;</subfield>
    <subfield code="f">1975-</subfield>
    <subfield code="g">&#x420;&#x43E;&#x43C;&#x430;&#x43D; &#x412;&#x44F;&#x447;&#x435;&#x441;&#x43B;&#x430;&#x432;&#x43E;&#x432;&#x438;&#x447;</subfield>
    <subfield code="9">145863</subfield>
    <subfield code="3">RU\NLR\AUTH\770145899</subfield>
  </datafield>
  <datafield tag="801" ind1=" " ind2="0">
    <subfield code="a">RU</subfield>
    <subfield code="b">&#x420;&#x413;&#x411;</subfield>
    <subfield code="c">20160322</subfield>
    <subfield code="g">RCR</subfield>
  </datafield>
  <datafield tag="942" ind1=" " ind2=" ">
    <subfield code="c">BOOK</subfield>
  </datafield>
  <datafield tag="980" ind1=" " ind2=" ">
    <subfield code="a">NBR</subfield>
  </datafield>
</record>
